Manufacturing technology (Record no. 4877)

MARC details
000 -LEADER
fixed length control field 00398nam a22001697a 4500
005 - DATE AND TIME OF LATEST TRANSACTION
control field 20160630111834.0
008 - FIXED-LENGTH DATA ELEMENTS--GENERAL INFORMATION
fixed length control field 160630b xxu||||| |||| 00| 0 eng d
020 ## - INTERNATIONAL STANDARD BOOK NUMBER
ISBN 978-1-25-902956-1
041 ## - LANGUAGE CODE
Language code of text/sound track or separate title eng
082 ## - DEWEY DECIMAL CLASSIFICATION NUMBER
Item number 19525
100 ## - MAIN ENTRY--AUTHOR NAME
Personal name Rao, P N
245 ## - TITLE STATEMENT
Title Manufacturing technology
260 ## - PUBLICATION, DISTRIBUTION, ETC. (IMPRINT)
Name of publisher Mc graw Hill
Year of publication 2014
300 ## - PHYSICAL DESCRIPTION
Number of Pages 507
650 ## - SUBJECT ADDED ENTRY--TOPICAL TERM
Topical Term Diploma Engineering
942 ## - ADDED ENTRY ELEMENTS (KOHA)
Koha item type Books
Holdings
Lost status Damaged status Home library Current library Shelving location Date acquired Cost, normal purchase price Full call number Accession Number Koha item type
    JRU Library   SHELF-42-L 30/06/2016 499.00 19525 19525 Books
    JRU Library   SHELF-42-L 30/06/2016 499.00 19525 19526 Books
    JRU Library   SHELF-42-L 30/06/2016 499.00 19525 19527 Books
    JRU Library   SHELF-42-L 30/06/2016 499.00 19525 19528 Books
    JRU Library   SHELF-42-L 30/06/2016 499.00 19525 19529 Books
    JRU Library   SHELF-42-L 30/06/2016 499.00 19525 19530 Books
    JRU Library   SHELF-42-L 30/06/2016 499.00 19525 19531 Books
    JRU Library   SHELF-42-L 30/06/2016 499.00 19525 19532 Books
    JRU Library   SHELF-42-L 30/06/2016 499.00 19525 19533 Books
    JRU Library   SHELF-42-L 30/06/2016 499.00 19525 19534 Books